000
00227nam a2200097Ia 4500
008
240331s9999 xx 000 0 und d
082
_a
294.5
_b
SHA
100
_a
Sharma, N
245
4
_a
The Kamarupa school of dharmasastra
942
_c
L
999
_c
951
_d
951